Statystyki dla Kraje które produkują najwięcej sera

Kliknij tutaj aby rozwiązać quiz!

Ogólne statystyki

  • Ten quiz został rozwiązany 155 razy
  • Średni wynik to 9 z 13

Statystyki odpowiedzi

w tys. tonOdpowiedź% Poprawnych
679Francja
95%
1211Niemcy
94%
229Polska
94%
343USA
87%
412Włochy
87%
908Holandia
81%
172Belgia
74%
135Wielka Brytania
70%
78Grecja
60%
350Dania
53%
99Australia
44%
172Irlandia
43%
237Nowa Zelandia
28%

Rozkład punktacji

Percentyl według liczby udzielonych odpowiedzi

Procent ludzi z każdym wynikiem

Twoja historia wyników

Nie rozwiązałeś tego quizu